Poeta christianus : (Record n. 12404)

Dettagli MARC
000 -LEADER
fixed length control field 00876nam a2200241 i 4500
003 - CONTROL NUMBER IDENTIFIER
control field IT-RoINE
005 - DATE AND TIME OF LATEST TRANSACTION
control field 20170926091035.0
008 - FIXED-LENGTH DATA ELEMENTS--GENERAL INFORMATION
fixed length control field 960922s1981 sp r | spa d
020 ## - INTERNATIONAL STANDARD BOOK NUMBER
International Standard Book Number 8472990850
Terms of availability 750 pts.
040 ## - CATALOGING SOURCE
Original cataloging agency SpMaBN
Language of cataloging spa
Transcribing agency CDM
100 1# - MAIN ENTRY--PERSONAL NAME
Personal name Rodríguez Herrera, Isidoro,
9 (RLIN) 12466
Titles and other words associated with a name O.F.M.,
Dates associated with a name 1904-2000
245 10 - TITLE STATEMENT
Title Poeta christianus :
Remainder of title esencia y misión del poeta cristiano en la obra de Prudencio /
Statement of responsibility, etc Isidoro Rodríguez Herrera.
260 ## - PUBLICATION, DISTRIBUTION, ETC. (IMPRINT)
Place of publication, distribution, etc Salamanca :
Name of publisher, distributor, etc Univesidad Pontífica,
Date of publication, distribution, etc 1981.
300 ## - PHYSICAL DESCRIPTION
Extent 185 p. ;
Dimensions 25 cm.
336 ## - CONTENT TYPE
Source rdacontent
Content type term text
337 ## - MEDIA TYPE
Source rdamedia
Media type term unmediated
338 ## - CARRIER TYPE
Source rdacarrier
Carrier type term volume
490 1# - SERIES STATEMENT
Series statement Bibliotheca Salmanticensis.
-- Estudios ;
Volume number/sequential designation 40
504 ## - BIBLIOGRAPHY, ETC. NOTE
Bibliography, etc Bibliografía: p. 181-182.
600 04 - SUBJECT ADDED ENTRY--PERSONAL NAME
Personal name Prudencio Clemente, Aurelio,
Dates associated with a name 348-405
9 (RLIN) 9512
830 #0 - SERIES ADDED ENTRY--UNIFORM TITLE
9 (RLIN) 3087
Uniform title Bibliotheca Salmanticensis.
Name of part/section of a work Estudios ;
Volume number/sequential designation 40
942 ## - ADDED ENTRY ELEMENTS (KOHA)
Item type Monografías
Dati di copia
Withdrawn status Lost status Damaged status Not for loan Home library Current library Date acquired Total Checkouts Full call number Barcode Date last seen Price effective from Koha item type
        Iglesia Nacional Española en Roma Iglesia Nacional Española en Roma 12/07/2016   COL.A 40.40 27793 12/07/2016 12/07/2016 Monografías